000 01299nam a22003497a 4500
003 CHAP
005 20220329143150.0
008 060921d2006 mx r 00110 spa d
010 _a92768
011 _a93740
035 _a104320
040 _cCHAP
090 _aTesis
100 1 _aEvangelista Calixto, Pedro.
_938916
245 1 0 _aPropuesta de manejo sustentable del campo de Golf Bellavista, municipio de Atizapan de Zaragoza, Estado de México
_c/por Pedro Evangelista Calixto
260 _aChapingo, Méx. :
_bEl autor,
_c2006.
300 _a118 h. :
_bilus.; cuadros.
502 _aTesis (Ing. en Agroecología) -- UACH. Departamento de Agroecología
590 _aALEPH
_b10
_c20130110
_lUCH01
_h1513
590 _aBATCH-UPD
_b10
_c20130110
_lUCH01
_h0512
590 _aBATCH-UPD
_b10
_c20130410
_lUCH01
_h0150
590 _aBATCH-UPD
_b10
_c20130914
_lUCH01
_h0830
590 _aCONVERSION
_b10
_c20130109
_lUCH01
_h1351
650 1 4 _aCampos de golf.
_918094
650 1 4 _aDesarrollo de la comunidad
_xMéxico (Edo.)
_931972
650 1 4 _aRecursos naturales
_xAdministración.
_995175
901 _aBK
905 _aElisama A. H.
942 _cFOLL
949 _aTesis
_bBC
_cTES
_d00000000104320
_eTS1
_h45676
_i104320
_sb
949 _aTesis
_bBC
_cTES
_d33724000989638
_eTS2
_fc.2
_h45677
_i104320
_si
999 _c92768
_d92768